00897nam a2200181 a 4500008004100000050002200041100001700063245019200080260003800272300001500310350000900325650003400334700002200368710009100390995009300481999001700574952012400591081126s1987 ||||||||||||||||| || u aGOV.ZAM(02)1987/9 aMorton, R. D12aA review of areas with high potentials for the discovery of uranium in ZambiacPrepared by Chusi D. Sikatali and Dr. R. D. Morton on behalf of Prescribed Minerals and Materials Commission aLusaka:bGovernment Printerc1987 a18p.: ill. a0.00 aURANIUM ORES--GEOLOGY--ZAMBIA aSikatali, Chusi D aThe Government of the Republic of Zambia. Prescribed Minerals and Materials Commission D0.00FCBU-MAIN LIBRARY (Kitwe)H1I0.00M1UAVAILABLEWNov 26, 2008ZZambiana Collection c56469d56469 00102lcc4070a001b001cZambiana Collectiond2022-11-30l0oGOV.ZAM(02)1987/9p03003244r2022-11-30w2022-11-30y002